Statistics for Biggest Cities in Sri Lanka

Click here to take the quiz!

General Stats

  • This quiz has been taken 106 times
    (9 since last reset)
  • The average score is 3 of 10

Answer Stats

Population City % Correct
561,314Colombo
100%
98,828Kandy
67%
86,333Galle
67%
80,829Jaffna
44%
107,925Sri Jayawardenepura
22%
168,280Moratuwa
11%
142,449Negombo
11%
86,227Batticaloa
11%
184,468Dehiwala / Mount Lavinia
0%
99,893Kalmunai
0%

Score Distribution

Percentile by Number Answered

Percent of People with Each Score

Your Score History

You have not taken this quiz since the last reset